00951nam a2200241 a 4500001001000000003000500010005001700015008004100032010001100073011001100084040000900095100003400104245017200138260004100310500006000351502007500411650002800486650002900514650003200543650003200575700003200607856007000639000115613CHAP20220329144541.0190614s2018 mx a |sm |||||||spa d a112074 a113046 cCHAP1 aRamírez Nava, Alin Citlali.10aCaracterización de los corrales de engorda del grupo Bonaprime, Mexicali, Baja Californiah[En línea]cpor Alin Citlali Ramírez Nava y Erick Victorino Ramírez. aChapingo, Méx. :bEl autor,c2018. aPara ver el contenido del material haga clic en la liga aTesis (Ing. Agr. Esp. en Zootecnia) -- UACH. Departamento de Zootecnia14aGanado vacunoxEngorda.14aGanado vacunoxMercadeo.14aGanado vacunoxNutrición.14aGanado vacunoxRendimiento.1 aVictorino Ramírez, Erick. aFinding aiduhttp://10.13.5.2/tesis/sist115613.pdfzTeclea aquí